Manchester United 24/25 Squad Nationality - Statistics

General Stats
  • This quiz has been taken 129 times
  • The average score is 26 of 28
Answer Stats
Name Nationality % Correct
Mattijhs De Ligt Netherlands
100%
Andre Onana Cameroon
98%
Harry Maguire England
98%
Lisandro Martinez Argentina
97%
Tom Heaton England
96%
Bruno Fernandes Portugal
96%
Casemiro Brazil
95%
Christian Eriksen Denmark
95%
Kobbie Mainoo England
95%
Mason Mount England
95%
Marcus Rashford England
95%
Alejandro Garnacho Argentina
94%
Antony Brazil
94%
Rasmus Hojlund Denmark
94%
Luke Shaw England
94%
Diogo Dalot Portugal
94%
Victor Lindelof Sweden
94%
Altay Bayindir Turkey
93%
Ethan Wheatley England
92%
Leny Yoro France
92%
Toby Collyer England
91%
Noussair Mazraoui Morocco
91%
Joshua Zirkzee Netherlands
90%
Daniel Gore England
89%
Manuel Ugarte Uruguay
88%
Tyrell Malacia Netherlands
84%
Jonny Evans Northern Ireland
84%
Amad Diallo Ivory Coast
76%
No matching quizzes found
Score Distribution
Percent of People with Each Score
Percentile by Number Answered
Your Score History
You have not taken this quiz